Zahraničný obchod Slovenskej republiky v európskom hospodárskom priestore výstup výskumnej úlohy G 5037 Zahraničný obchod SR v európskom hospodárskom priestore, s osobitným zreteľom na hospodársku spoluprácu s EÚ
Salvato in:
| Autore principale: | |
|---|---|
| Altri autori: | , , , , , , , , , |
| Natura: | Libro |
| Lingua: | slovacco |
| Pubblicazione: |
Bratislava
Vydavateľstvo Ekonóm
1998
|
| Soggetti: | |
| Tags: |
Nessun Tag, puoi essere il primo ad aggiungerne!!
|
MARC
| LEADER | 00000nam a2200000 4500 | ||
|---|---|---|---|
| 001 | c110040 | ||
| 005 | 20221109094853.4 | ||
| 020 | |a 80-225-0984-1 | ||
| 041 | 0 | |a slo | |
| 044 | |a SK | ||
| 245 | 1 | 0 | |a Zahraničný obchod Slovenskej republiky v európskom hospodárskom priestore |b výstup výskumnej úlohy G 5037 Zahraničný obchod SR v európskom hospodárskom priestore, s osobitným zreteľom na hospodársku spoluprácu s EÚ |c zodp. riešiteľ: Jaroslav Filip |
| 264 | 1 | |a Bratislava |b Vydavateľstvo Ekonóm |c 1998 | |
| 300 | |a 169 s. | ||
| 610 | 2 | 0 | |a obchod zahraničný |
| 610 | 2 | 0 | |a spolupráca hospodárska medzinárodná |
| 610 | 2 | 0 | |a Európska únia |
| 610 | 2 | 0 | |a Európske spoločenstvá |
| 610 | 2 | 0 | |a Slovensko |
| 100 | 1 | |a Filip, Jaroslav | |
| 700 | 1 | |a Bobocká, Júlia | |
| 700 | 1 | |a Fifek, Edmund | |
| 700 | 1 | |a Hansenová, Heda | |
| 700 | 1 | |a Gavaľová, Viera | |
| 700 | 1 | |a Zorkóciová, Otília, 1954- | |
| 700 | 1 | |a Knapik, Peter | |
| 700 | 1 | |a Štensová, Antónia | |
| 700 | 1 | |a Hradský, Róbert | |
| 700 | 1 | |a Torma, Štefan | |
| 700 | 1 | |a Ferenčíková, Soňa, 1960- | |